<La> méthodologie en sciences sociales: apport et limites de l'économie des conventions.

Spor metód a ich obnovovanie. IM (Metodologický individualizmus) proti HM (Metodologickému holizmu). Dva súperiace hlasy v dnešnej ekonomike. Pokusy o predháňanie sa v metodologickom dualizme. Boudonov dualizmus. Agassiho individualizmus. Individualizmus zatlačený konvenčnou ekonomikou. Morfogenetic...

ver descrição completa

Na minha lista:
Detalhes bibliográficos
Autor principal: Defalvard, H.
Formato: Capítulo de Livro
Idioma:francês
Assuntos:
Tags: Adicionar Tag
Sem tags, seja o primeiro a adicionar uma tag!

MARC

LEADER 00000naa a2200000 4500
001 r013236
005 20221205080346.5
041 0 |a fre 
044 |a FR 
245 1 0 |a <La> méthodologie en sciences sociales: apport et limites de l'économie des conventions.  |c H. Defalvard 
520 |a Spor metód a ich obnovovanie. IM (Metodologický individualizmus) proti HM (Metodologickému holizmu). Dva súperiace hlasy v dnešnej ekonomike. Pokusy o predháňanie sa v metodologickom dualizme. Boudonov dualizmus. Agassiho individualizmus. Individualizmus zatlačený konvenčnou ekonomikou. Morfogenetický individualizmus. Funkčný holizmus. (Revue économique 1992, zv. 43, č.1.). 
610 2 0 |a vedy spoločenské 
610 2 0 |a metodológia 
610 2 0 |a ekonómia 
100 1 |a Defalvard, H.